00804nam a2200229Ia 4500008004100000020001500041020001800056041001300074050002300087100002200110245016200132246004900294260004400343300002600387490003800413500003700451650001400488700002400502700002000526700001400546700001400560200830s9999||||xx |||||||||||||| ||und|| a7802547172 a9787802547179 achiheng aBR45 b.C472 2013 aBerkeley, George  0a近代理想主义:  b = Modern idealism /c 柏克莱 (George Berkeley), 黑格尔 (Georg W. F. Hegel), 陆宰 (Hermann Lotze) 等著; 谢扶雅 等编译 a近代理想主義 :  b = Modern idealism/ a北京 : b宗教文化出版社,c2013 a14, 423 p.b;c24 cm. a基督教历代名著集成系列 aTranslation of: Modern idealism. aIdealism. aHegel, Georg W. F.  aLotze, Hermann  a柏克莱 a谢扶雅